Iran, la ambición del poder

محفوظ في:
التفاصيل البيبلوغرافية
المؤلف الرئيسي: Graham, Robert (مؤلف)
التنسيق: كتاب
اللغة:الإسبانية
منشور في: Barcelona Bruguera 1979
الطبعة:1a. ed
سلاسل:Bruguera Círculo, 46
الموضوعات:
الوسوم: إضافة وسم
لا توجد وسوم, كن أول من يضع وسما على هذه التسجيلة!

MARC

LEADER 00000cam a2200000 a 4500
001 UCC6188
003 CL-VaPUC
008 181123e19790000sp |||||||||||||||||spa|d
020 |a 8402063683 
082 0 4 |a 955  |b GRA  |2 21 
100 0 |a Graham, Robert  |e author  |9 600612 
245 1 0 |a Iran, la ambición del poder 
250 |a 1a. ed 
300 |a 346 p 
942 |c BK 
945 |d 20181123 16:12:00  |a dcastane 
260 |a Barcelona  |b Bruguera  |c 1979 
650 7 |a HISTORIA DE IRAN  |2 CL-VaPUC  |9 438998 
583 |a last modification  |c 20181123 16:12:00  |k Rodrigo Vera 
490 0 |a Bruguera Círculo, 46 
999 |c 373186  |d 373184 
952 |0 0  |1 0  |3 erb  |4 0  |6 955_000000000000000_GRA_1979  |7 0  |8 A  |9 491185  |a BIBHIS  |b BIBHIS  |i 5516943  |o 955 GRA 1979  |p 5516943  |r 2025-01-20  |w 2019-11-24  |y BK  |z Catalogado en:20181123  |k HIS